000 00344nam a2200145Ia 4500
008 230917s9999||||xx |||||||||||||| ||und||
040 _e72588
_aMAIN
041 _aEnglish
082 _a658.3 M741M
100 _aMonappa, Arun
245 0 _aManaging human resources
260 _aNew Delhi
_bMacmillan
_c1998
300 _a286 p.
942 _cBK
999 _c97634
_d97634